Soigner par le carnaval : entretiens avec Alexandre Ribeiro et Ariadne Mendes (notice n° 1669520)

détails MARC
000 -LEADER
fixed length control field 01328cam a2200229 4500500
005 - DATE AND TIME OF LATEST TRANSACTION
control field 20260222005124.0
041 ## - LANGUAGE CODE
Language code of text/sound track or separate title fre
042 ## - AUTHENTICATION CODE
Authentication code dc
100 10 - MAIN ENTRY--PERSONAL NAME
Personal name Gallet, Bastien
Relator term author
245 00 - TITLE STATEMENT
Title Soigner par le carnaval : entretiens avec Alexandre Ribeiro et Ariadne Mendes
260 ## - PUBLICATION, DISTRIBUTION, ETC.
Date of publication, distribution, etc. 2026.<br/>
500 ## - GENERAL NOTE
General note 70
520 ## - SUMMARY, ETC.
Summary, etc. Les 23 et 27 février 2025, j’ai eu le plaisir de défiler avec Tá Pirando, Pirado, Pirou ! et Loucura Suburbana dans les rues de Rio de Janeiro (des sons de ces défilés peuvent être écoutés ici), deux « collectifs carnavalesques » (ou blocos) nés dans des hôpitaux publics de la ville, le premier à l’Institut Philippe Pinel en 2004, le second à l’Institut Nise da Silveira en 2000. Quelques jours après ces parades carnavalesques, je me suis entretenu avec Alexandre Ribeiro Wanderley et Ariadne de Moura Mendes, les deux psychologues qui furent à l’origine de ces groupes et qui en assurent encore aujourd’hui la coordination.
690 ## - LOCAL SUBJECT ADDED ENTRY--TOPICAL TERM (OCLC, RLIN)
Topical term or geographic name as entry element Brésil
690 ## - LOCAL SUBJECT ADDED ENTRY--TOPICAL TERM (OCLC, RLIN)
Topical term or geographic name as entry element Carnaval
690 ## - LOCAL SUBJECT ADDED ENTRY--TOPICAL TERM (OCLC, RLIN)
Topical term or geographic name as entry element Chanson
690 ## - LOCAL SUBJECT ADDED ENTRY--TOPICAL TERM (OCLC, RLIN)
Topical term or geographic name as entry element Documents
690 ## - LOCAL SUBJECT ADDED ENTRY--TOPICAL TERM (OCLC, RLIN)
Topical term or geographic name as entry element Psychiatrie
690 ## - LOCAL SUBJECT ADDED ENTRY--TOPICAL TERM (OCLC, RLIN)
Topical term or geographic name as entry element Ville
786 0# - DATA SOURCE ENTRY
Note Les Temps qui restent | 6 | 2 | 2026-02-02 | p. 72-78 | 3038-0464
856 41 - ELECTRONIC LOCATION AND ACCESS
Uniform Resource Identifier <a href="https://shs.cairn.info/revue-les-temps-qui-restent-2025-2-page-72?lang=fr&redirect-ssocas=7080">https://shs.cairn.info/revue-les-temps-qui-restent-2025-2-page-72?lang=fr&redirect-ssocas=7080</a>

Pas d'exemplaire disponible.

PLUDOC

PLUDOC est la plateforme unique et centralisée de gestion des bibliothèques physiques et numériques de Guinée administré par le CEDUST. Elle est la plus grande base de données de ressources documentaires pour les Étudiants, Enseignants chercheurs et Chercheurs de Guinée.

Adresse

627 919 101/664 919 101

25 boulevard du commerce
Kaloum, Conakry, Guinée

Réseaux sociaux

Powered by Netsen Group @ 2025